000 00277nam a22001217a 4500
008 181203b xxu||||| |||| 00| 0 eng d
041 _aeng
080 _a320
100 _a19
101 _aSHP
245 _aClassics of Public Personel Policy
_cThompson,F.J
942 _2udc
_cBK
999 _c52729
_d52729